El viaje de los argonautas
محفوظ في:
| المؤلف الرئيسي: | |
|---|---|
| التنسيق: | كتاب |
| اللغة: | الإسبانية |
| منشور في: |
Madrid
Nacional
1975
|
| سلاسل: | Biblioteca de la Literatura y el Pensamiento Universales, 3
|
| الموضوعات: | |
| الوسوم: |
إضافة وسم
لا توجد وسوم, كن أول من يضع وسما على هذه التسجيلة!
|
MARC
| LEADER | 00000nam a2200000 a 4500 | ||
|---|---|---|---|
| 001 | UCO5539 | ||
| 003 | CL-VaPUC | ||
| 008 | 000908e19750000SP |||||||||||||||||spa|d | ||
| 082 | 0 | 4 | |a 883 |b APO |2 21 |
| 100 | 0 | |a Apolonio de Rodas |e author |9 450237 | |
| 245 | 1 | 3 | |a El viaje de los argonautas |
| 300 | |a 251 p | ||
| 942 | |c BK | ||
| 945 | |d 20000908 00:00:00 |a crobeson | ||
| 260 | |a Madrid |b Nacional |c 1975 | ||
| 650 | 7 | |a POESIAS EPICAS GRIEGAS |2 CL-VaPUC |9 265677 | |
| 650 | 7 | |a LITERATURA GRIEGA |2 CL-VaPUC |9 258054 | |
| 583 | |a last modification |c 20000908 00:00:00 |k Rodrigo Vera | ||
| 490 | 0 | |a Biblioteca de la Literatura y el Pensamiento Universales, 3 | |
| 999 | |c 291395 |d 291393 | ||
| 952 | |0 0 |1 0 |4 0 |6 883_000000000000000_APO_1975 |7 0 |8 A |9 341227 |a BIBART |b BIBART |d 2019-11-20 |i 1221442 |l 1 |o 883 APO 1975 |p 1221442 |r 2025-03-13 |s 2022-03-07 |w 2019-11-20 |y BK |k ART | ||